[Event "Berlin Eckbauer op 12th"]
[Site "Berlin"]
[Date "2009.10.12"]
[Round "5.13"]
[White "Kampf, Guenther"]
[Black "Krawatzki, Armin"]
[Result "1-0"]
[WhiteElo "2021"]
[BlackElo "1874"]
[PlyCount "27"]
[EventDate "2009.09.14"]
[EventType "swiss"]
[EventRounds "7"]
[EventCountry "GER"]
[SourceTitle "EXT 2022"]
[Source "ChessBase"]
[SourceDate "2021.10.06"]
[SourceVersion "1"]
[SourceVersionDate "2021.10.06"]
[SourceQuality "1"]

1. e4 d5 2. exd5 Qxd5 3. Nc3 Qa5 4. d4 c6 5. Nf3 Nf6 6. Ne5 Bf5 7. Bd2 Qc7 8. Bf4 Qb6 9. Nc4 Qd8 10. Ne3 Be6 11. Bc4 Bxc4 12. Nxc4 Nbd7 13. Qe2 Nd5 14. Nd6# 1-0

[Event "Berlin Eckbauer op 12th"]
[Site "Berlin"]
[Date "2009.09.21"]
[Round "2.19"]
[White "Richter, Dirk"]
[Black "Kampf, Guenther"]
[Result "0-1"]
[WhiteElo "1448"]
[BlackElo "2021"]
[PlyCount "54"]
[EventDate "2009.09.14"]
[EventType "swiss"]
[EventRounds "7"]
[EventCountry "GER"]
[SourceTitle "EXT 2022"]
[Source "ChessBase"]
[SourceDate "2021.10.06"]
[SourceVersion "1"]
[SourceVersionDate "2021.10.06"]
[SourceQuality "1"]

1. e4 c5 2. Nf3 d6 3. c3 Nf6 4. e5 dxe5 5. Nxe5 Nbd7 6. Bb5 e6 7. Na3 Be7 8. d4 0-0 9. Nxd7 Bxd7 10. Bxd7 Qxd7 11. Nc2 Rfd8 12. Be3 Qb5 13. Rb1 Qa6 14. Qf3 Qxa2 15. 0-0 Qd5 16. Qxd5 Nxd5 17. dxc5 Nxe3 18. Nxe3 Bxc5 19. Rfd1 Bxe3 20. fxe3 Kf8 21. Kf2 Ke7 22. Ke2 e5 23. e4 Rac8 24. Ra1 a6 25. Rd5 Rxd5 26. exd5 Kd6 27. Ra5 Rc4 0-1

[Event "Berlin Eckbauer op 11th"]
[Site "Berlin"]
[Date "2008.10.13"]
[Round "6.2"]
[White "Kampf, Guenther"]
[Black "Zschaebitz, Klaus"]
[Result "0-1"]
[WhiteElo "2037"]
[BlackElo "2103"]
[PlyCount "160"]
[EventDate "2008.09.08"]
[EventType "swiss"]
[EventRounds "6"]
[EventCountry "GER"]
[SourceTitle "EXT 2022"]
[Source "ChessBase"]
[SourceDate "2021.10.06"]
[SourceVersion "1"]
[SourceVersionDate "2021.10.06"]
[SourceQuality "1"]

1. d4 e6 2. e4 d5 3. exd5 exd5 4. Nf3 Nc6 5. c3 Bd6 6. Bg5 f6 7. Bh4 Nge7 8. Bg3 Bf5 9. Bd3 Qd7 10. Qc2 Bxd3 11. Qxd3 Qe6+ 12. Kd2 Bxg3 13. hxg3 Qf5 14. Na3 0-0-0 15. Rae1 Qxd3+ 16. Kxd3 Nf5 17. Re2 Nd6 18. Nd2 Rde8 19. Rxe8+ Nxe8 20. Nc2 Ne7 21. g4 Kd7 22. Ne3 Nd6 23. f3 h6 24. Ndf1 c6 25. Ng3 Rf8 26. Ngf5 Rf7 27. Re1 Ng8 28. Nxd6 Kxd6 29. Nf5+ Kd7 30. Re2 g6 31. Ng3 Ne7 32. Re1 Nc8 33. Rh1 Rh7 34. Ne2 Ke7 35. Nf4 Kf7 36. Re1 Rh8 37. Rh1 Nd6 38. Ne2 Kg7 39. Ng3 Re8 40. b3 b5 41. Rc1 a5 42. Rc2 Kf7 43. Re2 Ra8 44. Re1 a4 45. b4 Rh8 46. Re2 Ne8 47. Re3 Ng7 48. Nf1 h5 49. gxh5 Rxh5 50. g4 Rh1 51. Re1 Rg1 52. Kd2 Ne6 53. Ne3 Rg3 54. Rf1 Nf4 55. Rf2 Rh3 56. Nc2 Rh1 57. Ne1 Kg7 58. Nd3 Nxd3 59. Kxd3 Kh6 60. Re2 Kg5 61. Re6 Rf1 62. Rxc6 Rxf3+ 63. Ke2 Kxg4 64. Rb6 g5 65. Rxb5 Rxc3 66. Rc5 Ra3 67. Rc2 Rh3 68. b5 Rh7 69. Rc5 Rd7 70. Kd2 f5 71. Kc3 f4 72. Kb4 f3 73. b6 f2 74. Rc1 Kf3 75. Kxa4 g4 76. Kb5 g3 77. Kc6 Rd8 78. Kc7 Re8 79. b7 g2 80. a4 f1Q 0-1

[Event "Berlin Eckbauer op 11th"]
[Site "Berlin"]
[Date "2008.09.22"]
[Round "3.19"]
[White "Kampf, Guenther"]
[Black "Kretzschmar, Jan"]
[Result "1-0"]
[WhiteElo "2037"]
[BlackElo "1520"]
[PlyCount "69"]
[EventDate "2008.09.08"]
[EventType "swiss"]
[EventRounds "6"]
[EventCountry "GER"]
[SourceTitle "EXT 2022"]
[Source "ChessBase"]
[SourceDate "2021.10.06"]
[SourceVersion "1"]
[SourceVersionDate "2021.10.06"]
[SourceQuality "1"]

1. e4 c5 2. Nf3 e6 3. d4 cxd4 4. Nxd4 Nc6 5. c4 Nge7 6. Nb5 Ng6 7. Nd6+ Bxd6 8. Qxd6 Nge7 9. Nc3 a6 10. Be3 0-0 11. f4 b6 12. Be2 Bb7 13. Rd1 Nb8 14. Bxb6 Qe8 15. Bc5 Ng6 16. Bh5 Qc8 17. Bxg6 hxg6 18. Qxf8+ Qxf8 19. Bxf8 Kxf8 20. 0-0 Ke7 21. Na4 Nc6 22. Nc5 Bc8 23. e5 Nb4 24. a3 Nc6 25. b4 f6 26. Nd3 Nd4 27. Rd2 Nf5 28. Kf2 Bb7 29. Nc5 Bc6 30. a4 d6 31. exd6+ Nxd6 32. Re2 Bd7 33. Nxd7 Kxd7 34. Rd1 Ke7 35. c5 1-0

[Event "Berlin Neukoelln op 7th"]
[Site "Berlin"]
[Date "2001.05.25"]
[Round "3"]
[White "Bornschein, Burkhard"]
[Black "Kampf, Guenther"]
[Result "1-0"]
[WhiteElo "2010"]
[BlackElo "2055"]
[PlyCount "65"]
[EventDate "2001.05.11"]
[EventType "swiss"]
[EventRounds "7"]
[EventCountry "GER"]
[SourceTitle "EXT 2022"]
[Source "ChessBase"]
[SourceDate "2021.10.06"]
[SourceVersion "1"]
[SourceVersionDate "2021.10.06"]
[SourceQuality "1"]

1. d4 Nf6 2. c4 e6 3. Nc3 Bb4 4. e3 c5 5. Nge2 d5 6. a3 Bxc3+ 7. Nxc3 cxd4 8. exd4 dxc4 9. Bxc4 Nc6 10. Be3 0-0 11. 0-0 b6 12. Qd3 Bb7 13. Rad1 Ne7 14. Bg5 Ng6 15. f4 Ne7 16. Bxf6 gxf6 17. d5 Nxd5 18. Nxd5 Bxd5 19. Bxd5 exd5 20. Rf3 Qe7 21. Rh3 Qe4 22. Qxd5 Qe2 23. Rf1 Rad8 24. Qf5 Rfe8 25. Qxh7+ Kf8 26. Qh6+ Ke7 27. f5 Qxb2 28. Qe3+ Kd7 29. Qd3+ Kc7 30. Qc4+ Kb8 31. Rc3 Rd2 32. Qc7+ Ka8 33. Qc6+ 1-0